| 000 | 00592nam a2200181 4500 | ||
|---|---|---|---|
| 001 | 144595 | ||
| 003 | ES-MaACL | ||
| 005 | 20230906201044.0 | ||
| 007 | t| | ||
| 008 | 070214s1982 sp r ||||1| spa d | ||
| 100 | 1 |
_aSmale, P. H. _9106804 |
|
| 245 | 1 | 0 |
_aSistemas de telecomunicación y transmisión / _cP. H. Smale, D. C. Green ; [traducido por Luis Alvarez Rodríguez]. |
| 260 |
_aMadrid : _bParaninfo, _c1982 ( _fGrefol) |
||
| 300 |
_a230 p. : _bil. ; _c24 cm. |
||
| 700 | 1 |
_aGreen, D. C. _959834 |
|
| 700 | 1 |
_aÁlvarez Rodríguez, Luis. _920942 |
|
| 852 |
_aES-MaACL _jL-4194 _bR.104505 |
||
| 999 |
_c144595 _d144595 |
||